Financial accounting : (Record no. 275594)
[ view plain ]
| 000 -LEADER | |
|---|---|
| fixed length control field | 00744nam a2200241 a 4500 |
| 001 - CONTROL NUMBER | |
| control field | SSB062986 |
| 005 - DATE AND TIME OF LATEST TRANSACTION | |
| control field | 20140924144301.0 |
| 008 - FIXED-LENGTH DATA ELEMENTS--GENERAL INFORMATION | |
| fixed length control field | |
| 020 ## - INTERNATIONAL STANDARD BOOK NUMBER | |
| International Standard Book Number | 9781259010521 (pbk.) |
| 050 00 - LIBRARY OF CONGRESS CALL NUMBER | |
| Classification number | HF 5635 |
| Item number | .W643 2014 |
| 100 1# - MAIN ENTRY--PERSONAL NAME | |
| Personal name | Wild, John J. |
| 245 10 - TITLE STATEMENT | |
| Title | Financial accounting : |
| Remainder of title | information for decisions / |
| Statement of responsibility, etc | John J. Wild [and three others]. |
| 250 ## - EDITION STATEMENT | |
| Edition statement | 2nd edition. |
| 260 ## - PUBLICATION, DISTRIBUTION, ETC. (IMPRINT) | |
| Place of publication, distribution, etc | Singapore : |
| Name of publisher, distributor, etc | McGraw-Hill Education Asia, |
| Date of publication, distribution, etc | c2014. |
| 300 ## - PHYSICAL DESCRIPTION | |
| Extent | xxv, 605 pages : |
| Other physical details | illustration (some color) ; |
| Dimensions | 28 cm. |
| 500 ## - GENERAL NOTE | |
| General note | Includes index. |
| 521 ## - TARGET AUDIENCE NOTE | |
| Target audience note | Accountancy |
| 650 #0 - SUBJECT ADDED ENTRY--TOPICAL TERM | |
| Topical term or geographic name as entry element | Accounting. |
| 700 ## - ADDED ENTRY--PERSONAL NAME | |
| Personal name | Shaw, Ken W. |
| 700 ## - ADDED ENTRY--PERSONAL NAME | |
| Personal name | Chiappetta, Barbara. |
| 700 ## - ADDED ENTRY--PERSONAL NAME | |
| Personal name | Kwok, Winston. |
| 942 ## - ADDED ENTRY ELEMENTS (KOHA) | |
| Source of classification or shelving scheme | Library of Congress Classification |
| Koha item type | Books |
| Call number prefix | Foreign |
| Withdrawn status | Lost status | Source of classification or shelving scheme | Damaged status | Home library | Current library | Shelving location | Date acquired | Cost, normal purchase price | Total Checkouts | Full call number | Barcode | Date last seen | Price effective from | Koha item type |
|---|---|---|---|---|---|---|---|---|---|---|---|---|---|---|
| Library of Congress Classification | College Library | College Library | Reserve Section | 09/24/2014 | 3356.00 | HF 5635 .W643 2014 | C18628 | 05/15/2018 | 09/24/2014 | Books |